000 00672nam a2200289Ia 4500
005 20260324133639.0
008 008 260324s9999 xx 000 0 eng d
020 _a9781315836058
037 _aEBOOK
040 _aCRL
040 _beng
040 _cCRL
041 _2eng
041 _aeng
084 _qCRL
100 _aGraeme Kennedy
_91193861
245 0 _aStructure and Meaning in English
245 2 _bA Guide for Teachers
260 _bTaylor and Francis
260 _c2003
365 _a
365 _b230
856 _uhttp://www.taylorfrancis.com/books/9781315836058
942 _cEBOOK
999 _c1793136
_d1793136